000 00932nam a2200265Ia 4500
003 GCL
008 140319s9999 xx 000 0 ara d
020 _a3811345977
040 _aGCL /
_cGCL
082 0 4 _a658.306
_bك م
100 1 _aكاشواى، بارى
245 1 0 _aالموسوعة العالمية للتوصيف الوظيفى :
_bTHE HANDBOOK OF MODEL JOB DESCRIPTIONS /
_cكاشواى، بارى
700 1 _aقسم الترجمة بدار الفاروق
250 _aالاولى
260 _aالقاهرة :
_bدار الفاروق للنشر والتوزيع ،
_c2005
300 _a384 ص ؛
_c24 سم
650 0 4 _aادارة الاعمال
650 0 4 _aالادارة المالية
650 0 4 _aالوظائف
650 0 4 _aتوصيف الوظائف
650 0 4 _aادارة الافراد
650 0 4 _aتقييم الوظائف
650 0 4 _aتحليل الوظائف
942 _2ddc
_cBK
999 _c8278
_d8278